| 000 | 00932nam a22002537i 4500 | ||
|---|---|---|---|
| 999 |
_c22776 _d22776 |
||
| 003 | AR-CdUCM | ||
| 008 | 240131b20212021pe ||||| |||| 00| 0 spa d | ||
| 040 |
_aMUNICIPALIDAD PROVINCIAL DEL CUSCO _cBIBLIOTECA MUNICIPAL DEL CUSCO |
||
| 041 | _hspa | ||
| 082 |
_a985.613 / C251 _bC251 |
||
| 100 |
_aCanal Ontón, Rufino David _949399 |
||
| 245 | _aProceso Histórico de Vilcabamba / | ||
| 260 |
_aLa Convención-Cusco : _c2021 |
||
| 300 |
_a352 páginas. : _c20 cm. |
||
| 500 | _zBibliografía: páginas 349-352 | ||
| 505 | _aManco Inka la primera gesta emancipadora -- La rebelión continua, Tito Kusi Yupanki -- Vilcabamba en la época republicana -- Las rutas de Manco Inka. | ||
| 650 |
_aLos inkas de Vilcabamba _949400 |
||
| 650 |
_aÉpoca colonial _949401 |
||
| 650 |
_aÉpoca republicana _9202 |
||
| 650 |
_aTisoq Inka _949402 |
||
| 650 |
_aBatalla de Huancayo _949403 |
||
| 942 |
_2ddc _cLIBROS |
||
| 945 |
_apbj _d31-01-24 |
||